Ο προορισμός του ανθρώπου = Die Bestimmung Des Menschen
Saved in:
| Main Author: | |
|---|---|
| Other Authors: | |
| Format: | Book |
| Language: | Greek |
| Published: |
Αθήνα :
Παπαζήσης,
2000
|
| Series: | Ιστορία της γνώσης. Πηγές ;
; 2 |
| Subjects: | |
| Tags: |
Add Tag
No Tags, Be the first to tag this record!
|
MARC
| LEADER | 00000cam a2200000 i 4500 | ||
|---|---|---|---|
| 001 | 1/26440 | ||
| 008 | 020809s2000 gr | ||| |||| ||gre|| | ||
| 020 | |a 9600204301 | ||
| 035 | |l 10068254 | ||
| 040 | |a GR-MY-UA |b gre |e aacr | ||
| 041 | 0 | |a gre | |
| 082 | 0 | |a 193.3 | |
| 100 | 1 | |a Fichte, Johann Gottlieb, |d 1762-1814. | |
| 245 | 1 | 2 | |a Ο προορισμός του ανθρώπου = |b Die Bestimmung Des Menschen / |c Johann Gottlieb Fichte ; εισαγωγή-μετάφραση-σχόλια Σ.Δ. Γερογιωργάκης |
| 246 | 2 | 1 | |a Die Bestimmung des Menschen |
| 260 | |a Αθήνα : |b Παπαζήσης, |c 2000 | ||
| 300 | |a 174 σ. | ||
| 490 | 1 | |a Ιστορία της γνώσης. Πηγές |v ; 2 | |
| 650 | 0 | 0 | |a Human beings. |
| 650 | 0 | 0 | |a Faith. |
| 700 | 1 | |a Γερογιωργάκης, Σ.Δ. |4 trl | |
| 830 | 0 | |a Ιστορία της γνώσης. |p Πηγές ; |v ; 2 | |
| 852 | |a INST |b RHODES |e 20020809 |h 193.3 FIC |p 005400016232 |q 005400016232 |t BK |y 0 | ||
| 901 | |a BIBL4-2002-2 | ||
| 909 | |a Ρ |b 102064 | ||
| 922 | |a 4ΕΛΗ |b 200204 |c ΚΠΣ/96 | ||
| 970 | |a Κουλακιότη |b Λίτσα |z 2002/08/23 | ||